Проблемы глобальной геоморфологии (современная геоморфология и теория мобилизма в геологической истории Земли)

Bibliografiska uppgifter
Huvudupphovsman: Герасимов И. П. Иннокентий Петрович
Språk:ryska
Publicerad: Москва, Наука, 1986
Ämnen:
Materialtyp: MixedMaterials Bok
KOHA link:https://koha.lib.tpu.ru/cgi-bin/koha/opac-detail.pl?biblionumber=278181

MARC

LEADER 00000nam0a2200000 4500
001 278181
005 20231101235104.0
035 |a (RuTPU)RU\TPU\book\301458 
090 |a 278181 
100 |a 20141209d1986 k y0rusy50 ca 
101 0 |a rus 
102 |a RU 
105 |a a z 001zy 
200 1 |a Проблемы глобальной геоморфологии (современная геоморфология и теория мобилизма в геологической истории Земли)  |f И. П. Герасимов 
210 |a Москва  |c Наука  |d 1986 
215 |a 207 с.  |c ил. 
320 |a Библиогр.: с. 164-172 
606 1 |a Геоморфология  |2 stltpush  |3 (RuTPU)RU\TPU\subj\6207  |9 34142 
610 1 |a теория мобилизма 
610 1 |a Земля 
610 1 |a история 
610 1 |a концепции 
610 1 |a океанологические исследования 
610 1 |a тектоника 
610 1 |a геоморфологический разрез 
675 |a 551.4  |v 4 
700 1 |a Герасимов  |b И. П.  |g Иннокентий Петрович 
801 1 |a RU  |b 63413507  |c 20141209 
801 2 |a RU  |b 63413507  |c 20170410  |g RCR 
942 |c BK